Responses for Show #3660 - Friday, June 30, 2000

Alex brings his kids, Matthew and Emily, onstage with him at the opening of the show.

Contestants

[<< previous game]

Brian Lohmann, a teacher from Los Angeles, California

Jeeks Rajagopal, a library technician from Fallon, Nevada

Bill McCormick, an attorney from Corona del Mar, California (whose 1-day cash winnings total $4,500)

[next game >>]

Jeopardy! Round responses

NEWS FLASH 1896
...AND MAN CREATED WOMAN
AMERICANA
BODIES OF WATER
HODGEPODGE
TV CROSSWORD CLUES "O"
    $100 28
Utah

Bill
    $100 9
Toy Story

Bill
    $100 18
Honeybee

Bill
    $100 1
Aegean Sea

Bill
    $100 6
John Stamos

Jeeks
    $100 13
Our

Jeeks
    $200 30
Harriet Beecher Stowe ("Uncle Tom's Cabin")

Jeeks
    $200 10
Starship Troopers

Jeeks
    $200 19
Harvard

Jeeks
    $200 2
Persian Gulf

Jeeks
    $200 7
Telephone

Bill
    $200 14
Old

Jeeks
    $300 29
Princeton

Jeeks
    $300 23
Lara Croft

Brian
    $300 20
Oregon

Jeeks
    $200 3
Bering Sea

Jeeks
    $300 8
(Brian: What is Jeeves?)

Hollingsworth

Brian
Triple Stumper
    $300 15
Olivia

Bill
    $400 27
Tootsie Roll

Jeeks
    $400 24
(Alex: Minute to go.)

Kelly Le Brock

Triple Stumper
    $400 21
Cincinnati

Jeeks
    $400 4
(Bill: What is the China Sea?)

Sea of Japan

Bill
Triple Stumper
    $400 11
(Brian: What is beige?)

Flesh

Brian
Triple Stumper
    $400 16
Ohio

Brian
    $500 26
"La boheme"

Bill
    $500 25
(Jeeks: What is Ford?)

Elite

BillJeeks
    $500 22
Albany

Brian
    $500 5
Atlantic Ocean

Jeeks
    $500 12
Oprah Winfrey

Jeeks
    $500 17
Oliver

Triple Stumper

Scores at the first commercial break (after clue 12):

Bill Jeeks Brian
$0 $1,700 -$700

Scores at the end of the Jeopardy! Round:

Bill Jeeks Brian
$1,500 $3,300 $500

Double Jeopardy! Round responses

WORLD HERITAGE SITES
THE SONGS OF THE CARPENTERS
PATRON SAINTS
"JOY" SHTICK
ARTHUR MILLER
LIFE OF A SALESMAN
    $200 20
Barrier reef

Brian
    $200 23
"Close To You"

Bill
    $200 2
Jackie Joyner-Kersee

Jeeks
    $200 16
Marilyn Monroe

Bill
    $200 26
Bill Clinton

Brian
    $400 21
France

Brian
    $400 11
get me down

Bill
    $400 3
"Ode to Joy"

Bill
    $400 1
Loman

Jeeks
    $400 25
H. Ross Perot

Jeeks
    $600 22
(Alex: We have a minute left in the round.)

the Galapagos Islands

Brian
    $600 10
"We've Only Just Begun"

Bill
    $500 28
(Brian: Who is Saint Vincent de Paul?)
...
[The end-of-round signal sounds.]

Saint Jude

Brian
    $600 4
The Joy Luck Club

Brian
    $600 5
Salem

Bill
    $600 19
Harry Winston

Jeeks
    $800 13
Mexico

Brian
    $800 9
(Brian: What is "Sunny Day"?)

"Sing"

Brian
Triple Stumper
    $800 27
(Jeeks: Who is Saint Vincent de Paul?)

Saint Anthony of Padua

Jeeks
Triple Stumper
    $800 6
(Bill: Who is Jocelyn Elders?)

Joycelyn Elders

Bill
Triple Stumper
    $800 14
HUAC (House Un-American Activities Committee)

Brian
    $800 18
Jack Kent Cooke

Jeeks
    $1000 12
Hadrian's Wall

Jeeks
    $1000 8
(Bill: What is "Mr. Postman"?)
(Brian: What is "Wait A Minute, Mr. Postman"?)

"Please Mr. Postman"

BillBrian
Triple Stumper
    $1000 24
Saint David

Triple Stumper
    $1000 7
James Joyce

Triple Stumper
    $1000 15
"All My Sons"

Brian
    $1000 17
(Brian: Who is John Collier?)

Peter Fenelon Collier

Brian
Triple Stumper

Scores at the end of the Double Jeopardy! Round:

Bill Jeeks Brian
$2,100 $5,900 $1,800
(lock game)

[wagering suggestions for these scores]

Final Jeopardy! Round responses

MOVIE DIRECTORS
BrianWhat is Columbus
$1,800
BillWhat is Columbus
$1,600
JeeksWhat is Columbus?
$1,600
(Chris) Columbus

Final scores:

Bill Jeeks Brian
$3,700 $7,500 $3,600
2nd place: a trip to Outrigger Hotel, Waikiki Beach, Hawaii New champion: $7,500 3rd place: a Samsung Worldwide Hi-Fi stereo VCR

Game dynamics:

Coryat scores:

Bill Jeeks Brian
$2,100 $6,000 $2,300
14 R,
3 W
20 R
(including 1 DD),
2 W
11 R
(including 1 DD),
6 W
(including 1 DD)

Combined Coryat: $10,400

[game clues] [game scores] [suggest correction]

Game tape date: 2000-03-29
The J! Archive is created by fans, for fans. Scraping, republication, monetization, and malicious use prohibited; this site may use cookies and collect identifying information. See terms. The Jeopardy! game show and all elements thereof, including but not limited to copyright and trademark thereto, are the property of Jeopardy Productions, Inc. and are protected under law. This website is not affiliated with, sponsored by, or operated by Jeopardy Productions, Inc. Join the discussion at JBoard.tv.